| 000 | 00641nam a2200205Ii 4500 | ||
|---|---|---|---|
| 003 | JO-AjNU | ||
| 008 | 230605s9999||||xx |||||||||||||| ||und|| | ||
| 017 | _a2007/2/560 | ||
| 040 |
_aJO-AjNU _bara _erda _cJO-AjNU |
||
| 041 | _aara | ||
| 050 | 1 | 4 | _aBF385.F87.2007 |
| 100 | 3 |
_aفريحات،احمد حسني, _eauthor _921852 |
|
| 245 | 0 | 0 | _aالذاكرة |
| 264 | 3 | 1 | _aعمان: المؤلف ،2007 |
| 300 | _a129ص | ||
| 336 |
_atext _btxt _2rdacontent |
||
| 337 |
_aunmediated _bn _2rdamedia |
||
| 338 |
_avolume _bnc _2rdacarrier |
||
| 650 | 4 |
_aالذاكرة-التفكير المبدع-علم النفس الفسيولوجي _921853 |
|
| 999 |
_aA7662 _c11230 _d11230 |
||